00000000nam 2200000zi 4500
0019.948979
003CaOODSP
00520250516112158
006m     o  d f      
007cr mn|||||||||
008250310t20252025onca    ob   f000 0 eng d
020 |a9780660763323
040 |aCaOODSP|beng|erda|cCaOODSP
043 |an-cn---
0861 |aD69-101/2025E-PDF
24500|aIDEaS : |binnovation for defence excellence and security.
264 1|a[Ottawa] : |bNational Defence = Défense nationale, |c[2025]
264 4|c©2025
300 |a1 online resource (1 unnumbered page) : |billustrations
336 |atext|btxt|2rdacontent
337 |acomputer|bc|2rdamedia
338 |aonline resource|bcr|2rdacarrier
500 |aCaption title.
500 |a"IDEaS program fact sheet."
500 |aIssued also in French under title: IDEeS innovation pour la défense, l'excellence et la sécurité.
520 |a"The Innovation for Defence Excellence and Security (IDEaS) program provides creative thinkers with the support and structure to solve some of Canada's toughest defence and security challanges. IDEaS offers funding to innovators of all sizes to help them design, develop, and advance solutions that address the challenges faced by the Department of National Defence (DND) and the Canadian Armed Forces (CAF)"--Page [1].
61010|aCanada. |bDepartment of National Defence.
650 0|aNational security|zCanada.
7101 |aCanada. |bDepartment of National Defence, |eissuing body.
77508|tIDEeS : |w(CaOODSP)9.948982
7760#|tIDEaS program fact sheet.|w(CaOODSP)9.948980
85640|qPDF|s706 KB|uhttps://publications.gc.ca/collections/collection_2025/mdn-dnd/D69-101-2025-eng.pdf